MACROCOGNITION METRICS AND SCENARIOS DES (Record no. 27267)
[ view plain ]
| 000 -LEADER | |
|---|---|
| fixed length control field | 00377nam a2200133Ia 4500 |
| 008 - FIXED-LENGTH DATA ELEMENTS--GENERAL INFORMATION | |
| fixed length control field | 240624s9999 xx 000 0 und d |
| 041 ## - LANGUAGE CODE | |
| Language code of text/sound track or separate title | eng |
| 082 ## - DEWEY DECIMAL CLASSIFICATION NUMBER | |
| Classification number | 658.4036072 PAT |
| 100 ## - MAIN ENTRY--PERSONAL NAME | |
| Personal name | PATTERSON EMILY S |
| 245 ## - TITLE STATEMENT | |
| Title | MACROCOGNITION METRICS AND SCENARIOS DES |
| 260 ## - PUBLICATION, DISTRIBUTION, ETC. | |
| Date of publication, distribution, etc. | 2010 |
| Place of publication, distribution, etc. | England |
| Name of publisher, distributor, etc. | Ashgate Publishing Limited |
| 300 ## - PHYSICAL DESCRIPTION | |
| Extent | xxxi, : 307 : p. : cm. ; 24 |
| 365 ## - TRADE PRICE | |
| Currency code | GBP |
| Price amount | 50 |
| Withdrawn status | Lost status | Damaged status | Not for loan | Home library | Current library | Shelving location | Date acquired | Source of acquisition | Cost, normal purchase price | Full call number | Barcode | Date last seen | Copy number | Price effective from | Koha item type |
|---|---|---|---|---|---|---|---|---|---|---|---|---|---|---|---|
| IMTN | IMTN | Rack 29-A | 04/25/2016 | BKI | 79.00 | 658.4036072 PAT | 27267 | 06/24/2024 | 100.9 | 06/24/2024 | Books |